Didaktika tělesné výchovy

Na minha lista:
Detalhes bibliográficos
Formato: Livro
Idioma:tcheco
Publicado em: Praha Státní pedagogické nakladatelství 1985
Colecção:Učebnice pro vysoké školy
Tags: Adicionar Tag
Sem tags, seja o primeiro a adicionar uma tag!

MARC

LEADER 00000nam a2200000 4500
001 c109289
005 20260122165043.5
041 0 |a cze 
044 |a CZ 
245 1 0 |a Didaktika tělesné výchovy  |c František Sýkora, Jaroslava Kostková a kol. 
264 1 |a Praha  |b Státní pedagogické nakladatelství  |c 1985 
300 |a 212 s. 
490 1 |a Učebnice pro vysoké školy 
830 0 |a Učebnice pro vysoké školy